|
|
|
|
| LEADER |
00772nam a22002172a 4500 |
| 001 |
001390975 |
| 003 |
CZ BrMZK |
| 005 |
20140610143345.0 |
| 007 |
ta |
| 008 |
140529s1961 xo er|||||||||||slo d |
| 040 |
|
|
|a BOA001
|b cze
|
| 041 |
1 |
|
|a slo
|h rus
|
| 100 |
1 |
|
|a Salynskij, Afanasij Dmitrijevič,
|d 1920-1993
|7 jo2005273690
|4 aut
|
| 245 |
1 |
0 |
|a Chlieb a ruže :
|b dráma v 3 dejstvách, 11 obrazoch /
|c A.D. Salynskij ; preložila Dana Lehutová
|
| 260 |
|
|
|a Bratislava :
|b Slovenské divadelné a literárne zastupiteľstvo,
|c 1961
|
| 300 |
|
|
|a 68 s.
|
| 700 |
1 |
|
|a Lehutová, Dana,
|d 1931-2006
|7 jo2007409261
|4 trl
|
| 910 |
|
|
|a BOA001
|b 2-0461.899
|
| 990 |
|
|
|a BK
|
| 991 |
|
|
|b 201405
|
| 996 |
7 |
|
|b 2619071443
|c 2-0461.899
|l MZK
|r Sklad / do 24 hodin
|n 0
|w 001425924
|u 000010
|a 1
|e BOA001
|j MZK50
|s A
|